|
|
|
|
| LEADER |
00000nam0a2200000 4500 |
| 001 |
312489 |
| 005 |
20231102002505.0 |
| 020 |
|
|
|a RU
|b 82-43324
|
| 035 |
|
|
|a (RuTPU)RU\TPU\book\337858
|
| 090 |
|
|
|a 312489
|
| 100 |
|
|
|a 20151223d1982 km y0rusy5003 ca
|
| 101 |
0 |
|
|a rus
|
| 102 |
|
|
|a RU
|
| 105 |
|
|
|a y z 001zy
|
| 200 |
1 |
|
|a Проблемы хозяйственного освоения новых районов. (Европейский Север, Сибирь и Дальний Восток)
|f В. А. Керов
|
| 210 |
|
|
|a Москва
|c Мысль
|d 1982
|
| 215 |
|
|
|a 176 с.
|
| 320 |
|
|
|a Библиогр.: с. 172-175
|
| 606 |
1 |
|
|a Экономика
|x Размещение и специализация
|y Россия
|y СССР
|2 stltpush
|3 (RuTPU)RU\TPU\subj\64445
|9 81343
|
| 610 |
1 |
|
|a Север европейской части
|
| 610 |
1 |
|
|a Сибирь
|
| 610 |
1 |
|
|a Дальний Восток
|
| 610 |
1 |
|
|a освоение
|
| 610 |
1 |
|
|a РСФСР
|
| 610 |
1 |
|
|a СССР
|
| 610 |
1 |
|
|a хозяйственное освоение
|
| 610 |
1 |
|
|a новые районы
|
| 610 |
1 |
|
|a разработка
|
| 610 |
1 |
|
|a использование
|
| 610 |
1 |
|
|a практика
|
| 610 |
1 |
|
|a планирование
|
| 610 |
1 |
|
|a методологические вопросы
|
| 686 |
|
|
|a У9(2)0-45
|2 rubbk
|
| 700 |
|
1 |
|a Керов
|b В. А.
|g Вячеслав Алексеевич
|4 070
|
| 801 |
|
0 |
|a RU
|b RuMRKP
|c 19950704
|g psbo
|
| 801 |
|
1 |
|a RU
|b 63413507
|c 20151223
|
| 801 |
|
2 |
|a RU
|b 63413507
|c 20191003
|g RCR
|
| 942 |
|
|
|c BK
|